Central Library OPAC University of Rajshahi

Commentaries on the Conciliation Courts ordinance (Record no. 26037)

MARC details
000 -LEADER
fixed length control field 00598nam a22002057a 4500
001 - CONTROL NUMBER
control field 26037
003 - CONTROL NUMBER IDENTIFIER
rucl marc code BD-RjUL
005 - DATE AND TIME OF LATEST TRANSACTION
control field 20211209050949.0
008 - FIXED-LENGTH DATA ELEMENTS--GENERAL INFORMATION
fixed length control field 140320s1967 pk |||| |||| 000 0 eng d
035 ## - SYSTEM CONTROL NUMBER
System control number (BD-RjUL)26107
040 ## - CATALOGING SOURCE
Original cataloging agency BD-RjUL
Language of cataloging eng
Transcribing agency BD-RjUL
041 ## - LANGUAGE CODE
Language code of text/sound track or separate title eng
082 04 - DEWEY DECIMAL CLASSIFICATION NUMBER
Classification number 347
Author mark and year AHC 1967
100 1# - MAIN ENTRY--PERSONAL NAME
Personal name Ahmad, Sultan
9 (RLIN) 79995
245 1# - TITLE STATEMENT
Title Commentaries on the Conciliation Courts ordinance
Remainder of title : (Ordinance No. XLIV of 1961) With Rules /
Statement of responsibility, etc. Sultan Ahmad,
260 ## - PUBLICATION, DISTRIBUTION, ETC. (IMPRINT)
Place of publication, distribution, etc. Dacca :
Name of publisher, distributor, etc. A.B. Publisher,
Date of publication, distribution, etc. 1967.
300 ## - PHYSICAL DESCRIPTION
Pagination 191p. ;
Size 26cm.
650 #0 - SUBJECT ADDED ENTRY--TOPICAL TERM
Topical term or geographic name as entry element Commentaries
9 (RLIN) 79996
942 ## - ADDED ENTRY ELEMENTS (KOHA)
Source of classification or shelving scheme Dewey Decimal Classification
Koha item type Books
Holdings
Lost status Source of classification or shelving scheme Damaged status Not for loan Collection code Permanent Location Current Location Shelving location Date acquired Source of acquisition Cost, normal purchase price Total Checkouts Full call number Date last seen Copy number Koha item type
  Dewey Decimal Classification     Non-fiction Central Library, University of Rajshahi Central Library, University of Rajshahi   09/09/1967 Sultan Ahmed 15.00   347 AHC 1967 20/03/2014 C-2 Books
  Dewey Decimal Classification     Non-fiction Central Library, University of Rajshahi Central Library, University of Rajshahi   07/03/1968 Warshi book center, 15.00   347 AHC 1967 04/08/2016 C-3 Books
  Dewey Decimal Classification     Non-fiction Central Library, University of Rajshahi Central Library, University of Rajshahi   09/09/1967 Warshi book center, 15.00   347 AHC 1967 04/08/2016 C-4 Books
  Dewey Decimal Classification     Non-fiction Central Library, University of Rajshahi Central Library, University of Rajshahi   07/03/1968 Warshi book center, 15.00   347 AHC 1967 04/08/2016 C-5 Books
  Dewey Decimal Classification     Non-fiction Central Library, University of Rajshahi Central Library, University of Rajshahi   07/03/1968 Warshi book center, 15.00   347 AHC 1967 04/08/2016 C-6 Books
  Dewey Decimal Classification     Non-fiction Central Library, University of Rajshahi Central Library, University of Rajshahi   07/03/1968 Warshi book center, 15.00   347 AHC 1967 04/08/2016 C-7 Books